000 00628nam a22002057a 4500
999 _c9817
_d9817
003 AR-CdUCM
008 190328b ||||| |||| 00| 0 spa d
040 _aMUNICIPALIDAD PROVINCIAL DEL CUSCO
_cBIBLIOTECA MUNICIPAL DEL CUSCO
082 _a869.56 /
_bC13
100 _aCabel Moscoso, Domingo Jesús
_92089
245 _aLágrimas /
260 _aLima :
_bAmérica Grupo Literario,
_c1969.
300 _a44 paginas ;
_c16 cm.
500 _aDonación familia Nieto.
505 _aContenido :Lagrimas.
650 _aPoesías peruanas
_91481
650 _aPoesías del siglo XX.
_915565
942 _2ddc
_cLIBROS
945 _arum